| 000 | 00818 am a2200289 a 4500 | ||
|---|---|---|---|
| 999 |
_c200459494 _d77706 |
||
| 003 | TR-AnTOB | ||
| 005 | 20240205171515.0 | ||
| 007 | ta | ||
| 008 | 231212s2023 tu 001 0 tur d | ||
| 020 | _a9789750288036 | ||
| 040 |
_aIU _beng _erda _cIU _dTR-AnTOB |
||
| 041 | _atur | ||
| 050 |
_aKKX3790 _b.D46 2023 |
||
| 090 |
_aKKX3790 _b.D46 2023 |
||
| 100 | 1 |
_aDemirbaş, Ali Timur, _eauthor _d1954- _969561 |
|
| 245 | 1 | 0 |
_aİnfaz hukuku / _cTimur Demirbaş. |
| 250 | _aGüncellenmiş 9. Baskı | ||
| 264 | 1 |
_aAnkara : _bSeçkin, _c2023. |
|
| 300 |
_a672 pages ; _c24 cm |
||
| 336 |
_atext _btxt _2rdacontent |
||
| 337 |
_aunmediated _bn _2rdamedia |
||
| 338 |
_avolume _bnc _2rdacarrier |
||
| 490 |
_aSeçkin Yayınları ; _v467. |
||
| 650 | 0 | 0 |
_aCeza hukuku _958325 |
| 942 |
_2lcc _cBK |
||